| 000 | 00676nam a22002057a 4500 | ||
|---|---|---|---|
| 999 |
_c16692 _d16692 |
||
| 003 | AR-CdUCM | ||
| 008 | 190504b ||||| |||| 00| 0 spa d | ||
| 040 |
_aMUNICIPALIDAD PROVINCIAL DEL CUSCO _cBIBLIOTECA MUNICIPAL DEL CUSCO |
||
| 082 |
_a985.613 / _bD61 |
||
| 100 |
_aDelgado Vargas, Jorge Leonidas _928054 |
||
| 245 |
_aConozca Acomayo : _bprovincia Tupacamarista / |
||
| 260 |
_aCusco : _c1980. |
||
| 300 |
_a120 páginas ; _c18 cm. |
||
| 505 | _aLeyenda Sangarara -- Acomayo en la colonia -- Acomayo en la republica --Tupac Amaru... | ||
| 650 |
_aAcomayo. _936282 |
||
| 650 |
_aTupac Amaru. _9623 |
||
| 650 |
_aHistoria. _9136 |
||
| 942 |
_2ddc _cLIBROS |
||
| 945 | _awfj | ||